MDQL
is popping MORE tags! Check the
thread
!
Quizzes
Events
Quiz Creation
Community
Videos
Private Events
Remove Ads
Sign In
Join for FREE
Feedback
Dark Mode
Quiz Categories
Sports
Geography
Music
Movies
Television
Just For Fun
Miscellaneous
History
Literature
Language
Science
Gaming
Entertainment
Religion
Holiday
For Kids
Quiz Lab
Recent
Popular Today
Quiz Kudos Today
Editor Picks
Curator Picks
Quizzes by...
Day
Popularity
Type
Ratings
Length
Year
Community
Subscriptions
Recent Discussions
Orange Saloon
Badges
Playlists
Quests
Create
Leaderboards
Showdown
Live 5
Trivia Bingo
Activity
Puzzle Library
Sporcle Events
Private Events
Virtual Trivia
Globe League
Become a Host
Pub Owners
SporcleCon
Opinionation
Our Games
Videos
Blog
Mobile Apps
Partnerships
Remove Ads and Go Orange
Feedback
Sports
Athletes
MLB
NBA
NHL
NFL
Soccer
Sports Teams
WWE
NCAA
Football
Premier League
Basketball
Baseball
Hockey
Golf
Tennis
Cricket
Rugby
Auto Racing
Olympics
World Cup
Sports
Athletes
MLB
NBA
NHL
NFL
Soccer
Sports Teams
WWE
NCAA
Football
Premier League
Basketball
Baseball
Hockey
Golf
Tennis
Cricket
Rugby
Auto Racing
Olympics
World Cup
Random Quiz
Search Sporcle
×
Quiz Lab
Quiz Lab
Sports
MLB
Type in answers that appear in a list
Type in answers that appear in a list
Classic
Best Score? Go Orange.
MLB Traded Players Stats
Can you name the MLB players who were involved in these trades?
By
tk925
12m
45 Questions
2,733 Plays
2,733 Plays
2,733 Plays
Comments
Comments
Give Quiz Kudos
Give Quiz Kudos
-
- Ratings
hide this ad
Replay
Link that replays current quiz
Next Quiz
Link to next quiz in quiz playlist
You Got
0%
They Got
Avg Score
45%
Avg Friend Score
Upgrade to see
Score Distribution
Jump to the score distribution portion of the page
Score
0/45
Timer
12:00
0
Plays Today
Traded For
Player Traded
% Correct
Carl Pavano and Tony Armas, Jr.
Pedro Martinez
74.9%
Justin Masterson, Nick Hagadone, and Bryan Price
Victor Martinez
74.9%
Freddy Garcia, John Halama, and Carlos Guillen
Randy Johnson
73.3%
Matt LaPorta, Zach Jackson, Michael Brantley
C.C. Sabathia
72.8%
Jason Knapp, Lou Marson, Jason Donald, and Carlos Carrasco
Cliff Lee and Ben Francisco
72.6%
Alex Rodriguez and cash
Alfonso Soriano
69.1%
Brett Tomko, Mike Cameron, Antonio Perez, and Jake Meyer
Ken Griffey Jr.
67.9%
Jarrod Saltalamacchia, Matt Harrison, Elvis Andrus, Neftali Feliz, and Beau Jones
Mark Teixeira and Ron Mahay
65.3%
Trevor Hoffman, Andres Berumen, and Jose Martinez
Gary Sheffield and Rich Rodriguez
64.7%
Omar Daal, Nelson Figueroa, Vicente Padilla, and Travis Lee
Curt Schilling
63.8%
Larry Andersen
Jeff Bagwell
60.3%
Grady Sizemore, Cliff Lee, Brandon Phillips, and Lee Stevens
Bartolo Colon and Tim Drew
60.3%
Mitch Williams, Steve Wilson, Curtis Wilkerson,
Rafael Palmeiro, Jamie Moyer, and Drew Hall
57.2%
Garry Templeton, Sixto Lezcano, and Luis DeLeon
Ozzie Smith, Steve Mura, and Al Olmsted
57%
Milt Pappas, Dick Simpson, and Jack Baldschun
Frank Robinson
56.4%
Eric Ludwick, T.J. Mathews, and Blake Stein
Mark McGwire
55.7%
Doyle Alexander
John Smoltz
54.7%
Ivan DeJesus
Ryne Sandberg and Larry Bowa
53.7%
Travis D'Arnaud, Michael Taylor, and Kyle Drabek
Roy Halladay
52.2%
Hubie Brooks, Mike Fitzgerald, Herm Winningham, and Floyd Youmans
Gary Carter
51.8%
Sandy Alomar, Carlos Baerga, and Chris James
Joe Carter
51.6%
Brett Wallace, Shane Peterson, and Clayton Mortensen
Matt Holliday
51.4%
Hank Bauer, Don Larsen, Norm Siebern, and Marv Throneberry
Roger Maris, Joe DeMaestri, and Kent Hadley
51.1%
Traded For
Player Traded
% Correct
George Bell
Sammy Sosa and Ken Patterson
51%
Brian Giles and Corey Stewart
Jason Bay and Oliver Perez
48%
Ernie Broglio, Doug Clemens, and Bobby Shantz
Lou Brock, Jack Spring, and Paul Toth
46.3%
Clayton Richard, Aaron Poreda, Adam Russell, and Dexter Carter
Jake Peavy
41%
Jay Howell, Eric Plunk, Jose Rijo, Tim Birtsas, and Stan Javier
Rickey Henderson
38.9%
Sam Jones, Fred Thomas, and $55,000
Tris Speaker
36.9%
Tom Lawless
Pete Rose
35.8%
Roberto Kelly
Paul O'Neill and Will DeBerry
33.5%
Jason Varitek and Derek Lowe
Heathcliff Slocumb
32.2%
Jake Westbrook, Ricky Ledee, and Zach Day
David Justice
31.8%
Ruben Sierra, Jeff Russell, and Bobby Witt
Jose Canseco
30%
C.J. Henry, Jesus Sanchez, Matt Smith, and Carlos Monastrios
Bobby Abreu and Cory Lidle
27.6%
Harvey Kuenn
Rocky Colavito
27.2%
Juan Cruz, Dan Meyer, and Charles Thomas
Tim Hudson
26.8%
Ricardo Rincon
Brian Giles
26.8%
Charlie Williams and $50,000
Willie Mays
23.1%
Felix Fermin, Reggie Jefferson, and Cash
Omar Vizquel
20.6%
Julio Franco, Jay Baller, Manny Trillo, George Vukovich and Jerry Willard
Von Hayes
19.1%
Woody Fryman and Dale Murray
Tony Perez and Will McEnaney
18%
Dick Allen, Jerry Johnson, and Cookie Rojas
Curt Flood, Tim McCarver, Byron Browne, and Joe Hoerner
13.3%
Wilson Ramos and Joe Testa
Matt Capps
9.8%
Jim Anderson and Bob Sebra
Pete Incaviglia
5.3%
Quiz Playlist
Details
Report
Send in Message
Add To Playlist
Classic:
Type in answers that appear in a list
Last Updated: Sep 19, 2018
Quiz Scoreboard
CHALLENGE
Sign Up to Join the Scoreboard
Show All
Scores
Hide
Comments
May contain spoilers
Recently Published
Holiday 10x10 Sorting Gallery
by lukepisani3
Holiday
15m
Two Season TV Shows II
by 123Four
Television
10m
Image Sorting: Flags VI
by Barbecue
Geography
2m
More to Explore
Quiz From the Vault
Featured Blog Post
14 Easter Pick-up Lines to Find Eggs With
hide this ad
You Might Also Like...
Tags
Baseball Quiz
MLB Quiz
Involved
Player
team
trade
Traded
Today's Top Quizzes in Sports
Browse Sports
hide this ad
Today's Top Quizzes in MLB
Browse MLB
Top Contributed Quizzes in Sports
1
Les meilleurs buteurs des matchs entre le PSG et l’OM
2
Les entraîneurs de l'OM et du PSG au 21e siècle
3
2022 World Cup Stars
4
Les joueurs passés par le PSG et l'OM
5
Players with Multiple 50 Home Run Seasons
6
FIFA Club World Cup Champions
7
Criteria MLB: Left Handed Sluggers
8
Les joueurs passés par le LOSC et le RC Lens
9
Top 10 NHL Goal Scorers of All Time
10
NBA Logic Puzzle 2.0
Explore More
Trending Topics
Disney
Anime
Kpop
Harry Potter
Crossword
Marvel
NBA
Country
The Office
WWE
Song
Puzzle
NFL
Soccer
Pokémon
hide this ad
More By:
tk925
Quiz
Plays
Rating
Category
Featured
Created
Opening Day Lineups: Phillies
130,589
4.45
Sports
Sep 28, 2009
Opening Day Lineups: Blue Jays
94,414
4.47
Sports
Mar 25, 2010
Opening Day Lineups: Reds
87,166
4.35
Sports
Sep 28, 2009
'This' and 'That'
82,943
4.05
Entertainment
Jan 30, 2010
MLB Most HR by Position '90s-'10s
72,023
4.68
Sports
Sep 15, 2011
Go to Creator's Profile
Score Distribution
Quiz Creator Spotlight
tk925
Follow
Send a Message
Quizzes Created
-
Created Quiz Play Count
-
More By This Creator
Popular Quizzes Today
1
Find the US States - No Outlines Minefield
2
Colored Red Africa Blitz
3
Find the 'City' Movie
4
The Countries of the World
5
5x2 Blitz: Bands
6
Find the Countries of Europe - No Outlines Minefield
7
Find the US States
8
US States
More Sports Quizzes
MotoGP Rider or Formula 1 Driver?
Quiz Lab
Trending Quizzes
Colored Red Europe Blitz I
Colored Red Europe Blitz II
Colored Red Africa Blitz II
Even More Two Season TV Shows
Colored Red Africa Blitz III
Recently Updated
Odd Team Out - Big 4 Players
pecheneg
Quick Pick: 20 Twenties
pecheneg
March Madness Men's Triple Doubles
pecheneg
How Do You Spell That?
pecheneg
Godzilla Movies
pecheneg
Grab Bag: 4-10 Letters
pecheneg
2024 March Madness Bracket
pecheneg
Famous TV Couples
Peacemaker
Champions League XIs: Real Madrid
pecheneg
Largest US Cities 1790-2010
pecheneg
Trending Topics
Harry Potter
Marvel
NBA
Disney
Kpop
Crossword
Anime
Song
Country
Pokémon
The Office
WWE
Puzzle
Soccer
NFL
Your Account Isn't Verified!
In order to create a playlist on Sporcle, you need to verify the email address you used during registration. Go to your
Sporcle Settings
to finish the process.
Report this User
Report this user for behavior that violates our
Community Guidelines
.
Details:
Send Report
Go to the Sporcle.com Mobile Site →
Comments